000 01229nam a22002177a 4500
003 OSt
005 20260124090450.0
008 230623b ||||| |||| 00| 0 eng d
040 _cSSBU
041 _ashan
082 _a294.34433
245 _aၵႂၢမ်းဝႆႈၽြႃးၵွင်းမူးမႁႃႇပေႃးထိလႄႈဝတ်ႉတႆးၶူးဝႃးဝုၼ်းၸုမ်ႉပုတ်ႉထၵယႃႇ
_cသင်ႇၶၸဝ်ႈဝတ်ႉတႆးၶူးဝႃးဝုၼ်းၸုမ်ႉပုတ်ႉထၵယႃႇမိူင်းဢိၼ်းတီးယႃး ၶပ်းၶိုင်-
260 _aၵယႃႇ
_bမၼ်ၵလမ်
_c2010
300 _a72 ၼႃႈ
_c27 ၸိၼ်ႇထီႇ
500 _aS-SAT: Dr. Prof Sai Aung Tun
500 _aပပ်ႉၸဝ်ႈတႃႇၼႁင်းၶေႃတွၵ်ႉတိူဝ်ႇၸၢႆးဢွင်ႇထုၼ်းလူႇတၢၼ်ႈဝႆႉ၊ လိၵ်ႈတႆး၊ လိၵ်ႈမၢၼ်ႈ လႄႈ ထႆးတဵမ်ႈၸွမ်းၵၼ်
650 _aထမ်းဝႆႈၽြႃး
_920673
942 _cBK1
942 _2ddc
942 _2ddc
999 _c26274
_d26274